| Record ID | ia:tarheelnurseseri501988 |
| Source | Internet Archive |
| Download MARC XML | https://archive.org/download/tarheelnurseseri501988/tarheelnurseseri501988_marc.xml |
| Download MARC binary | https://www.archive.org/download/tarheelnurseseri501988/tarheelnurseseri501988_meta.mrc |
LEADER: 01270cas 2200301I 4500
001 ocm04769461
005 19880204000000.0
008 880204c19399999ncubr p 0 a0eng d
010 $asn 85004815
022 0 $a0039-9620
040 $aWSU$cWSU$dRCS$dAIP$dNSD$dNOH
042 $ansdp
245 00 $aTar heel nurse$h[serial].
260 $aRaleigh, NC :$bNorth Carolina Nurses Association,
300 $av. :$bill. ;$c28 cm.
310 $aBimonthly.
362 0 $av. 1- 1939-
500 $aVols. for 1939-73 issued by the association under an earlier name: North Carolina State Nurses' Association.
550 $a"Official publication of the North Carolina Nurses Association."
650 2 $aNursing$vPeriodicals.
710 2 $aNorth Carolina Nurses Association.
710 2 $aNorth Carolina State Nurses' Association.
776 08 $iOnline version:$tTar heel nurse (Online)$w(DLC) 2009247659$w(OCoLC)62161950.
856 41 $yFull text available via the UNC-Chapel Hill Libraries$uhttp://www.archive.org/search.php?sort=publicdate&query=scanningcenter%3Achapelhill+AND+mediatype%3Atexts+AND+call_number%3Ab1597694
935 $aACI-4977
935 $a.b10022934
907 $a.b1597694a
944 $aBatch load history: 10 URLs and erri item records loaded 20110725, kms.